000 00488nam a2200181Ia 4500
005 20250508160913.0
008 008 250505s9999 xx 000 0 hin d
037 _aReference
040 _aFEDL
_beng
_cFEDL
041 _ahin
_2eng
084 _a294.503, SHA
_qFEDL
100 _aSharma Rana Prasad
_9769708
245 0 _aPouranik kosh
260 _aVaranasi, India
_bGyan Mandal Limited
300 _a563p
942 _cREF
_h294.503, SHA
999 _c1367306
_d1367306